000
00290nam a22001337a 4500
008
171023b xxu||||| |||| 00| 0 eng d
020
_a
99992702621
041
_a
alb
080
_a
338
100
_a
54
101
_a
MEN
245
_a
MENAXHIMI I OPERACIONEVE
_c
NAKUCI,V
942
_2
udc
_c
BK
999
_c
35420
_d
35420